000 00589nam a2200205Ia 4500
003 OSt
005 20251220114237.0
008 210210b1851 xxu||||| |||| 00| 0 eng d
040 _cAL
041 _aKannada
082 _a851/419
100 _aVIRUPAKSHA PANDITA
_968920
_dವಿರೂಪಾಕ್ಷ ಪಂಡಿತ
245 _aChannabasavapuranavu
_bಚೆನ್ನಬಸವಪುರಾಣವು
260 _aMangalore
_bNot Mentioned
_c1851
300 _a539
650 _aChannabasavapuranavu
_968921
690 _aKannada Poetry
_968922
906 _a018436
942 _2ddc
_cBK
999 _c147603
_d147603